| 000 | 01590nam0a22003491 4500 | ||
|---|---|---|---|
| 001 | rc\3433680 | ||
| 005 | 20260406020138.0 | ||
| 010 |
_bВ пер. _d2 р. _98000 |
||
| 021 |
_aRU _b[71-62980] |
||
| 035 | _a(NLR Aleph) 007587202 | ||
| 090 |
_a5571876 _c5571876 |
||
| 100 | _a20130115d1971 |||y0rusy50 ca | ||
| 101 | 0 | _arus | |
| 102 | _aRU | ||
| 105 | _ay z ||1|| | ||
| 200 | 1 |
_aКачественная теория оптимальных процессов _fР. Габасов, Ф.М. Кириллова |
|
| 210 |
_aМосква _cНаука _d1971 |
||
| 215 |
_a507 с. _d21 |
||
| 225 | 1 | _aТеоретические основы технической кибернетики | |
| 320 | _aСписок литературы: с. 487-505 (225 назв.) | ||
| 320 | _aПредметный указатель: с. 506-507 | ||
| 606 | 1 |
_aОптимальные процессы _xТеория _xЧисленные методы _91780584 _3RU\NLR\AUTH\66800318 |
|
| 606 | 1 |
_aАвтоматическое управление и регулирование оптимальное _xТеория _91044755 _3RU\NLR\AUTH\6684873 |
|
| 686 | 0 |
_aз965.92 _2rubbk |
|
| 700 | 1 |
_8rus _7ca _aГабасов _bР. Ф. _f1935- _gРафаил Федорович _3RU\NLR\AUTH\77121627 _9104552 |
|
| 701 | 1 |
_8rus _7ca _aКириллова _bФ. М. _cд-р физ.-мат. наук _f1931- _gФаина Михайловна _3RU\NLR\AUTH\77121631 _9104556 |
|
| 801 | 0 |
_aRU _bNLR _gpsbo |
|
| 801 | 1 |
_aRU _bELAR _2rusmarc |
|
| 801 | 2 |
_aRU _bNLR _c20160607 _2rusmarc |
|
| 852 |
_aNLR _j71-3/5321 |
||
| 942 | _cBOOK | ||
| 980 | _aNB | ||